| 000 | 00420nam a22001457a 4500 | ||
|---|---|---|---|
| 008 | 131203b xxu||||| |||| 00| 0 eng d | ||
| 020 | _a0719520665 | ||
| 050 | _aDS352.S72 | ||
| 100 |
_aStark, Freya _94902 |
||
| 245 |
_aThe Minaret of Djam _bAn excursion in Afghanistan |
||
| 260 |
_aLondon _bJohn Murray _c1970 |
||
| 300 |
_a96p. _c22cm |
||
| 650 |
_aAfghanistan - Description & travel _94903 |
||
| 942 |
_2lcc _cMONOGRAPH |
||
| 999 |
_c119012 _d119012 |
||